000 00984nam a22002297a 4500
008 260120b |||||||| |||| 00| 0 eng d
020 _a2016044181.
050 _aHV1626
_b.F65 2017
245 _aFoundations of education :
_bhistory and theory of teaching children and youths with visual impairments /
_cCay Holbrook, Tessa McCarthy, Cheryl Kamei-Hannan, editors.
250 _aThird edition.
260 _aWashington, DC :
_bAmerican Foundation for the Blind Press,
_c2017.
300 _axix, 529p. :
_billustrations ;
_c26 cm.
504 _aIncludes bibliographical references and index.
650 _aPeople with visual disabilities
_xEducation
650 _aChildren with visual disabilities
_xEducation
650 _aVisually impaired youth
_xEducation
650 _aSpecial education.
700 _aHolbrook, M. Cay,
_eeditor.
700 _aMcCarthy, Tessa,
_eeditor.
700 _aKamei-Hannan, Cheryl,
_eeditor.
942 _2lcc
_hHV1626 .F65 2017
_cBOOKS
999 _c32338
_d32338